000 00608nam a2200205Ia 4500
003 GCL
008 140319s9999 xx 000 0 ara d
040 _aGCL /
_cGCL
082 0 4 _a811.094
_bف ط
100 1 _aفاروق خلف
245 1 0 _aطقوس الرقص والغناء /
_cفاروق خلف
260 _a[S.N] :
_bدار الغد للثقافة والنشر ،
_c1992
490 _a
650 0 4 _aالشعر العربى
650 0 4 _aالادب العربى
650 0 4 _aالعصر الحديث
650 0 4 _aالادب العالمى
650 0 4 _aالمجموعات
942 _2ddc
_cBK
999 _c55834
_d55834